000
00307nam a2200109Ia 4500
008
171211s9999 xx 000 0 und d
245
3
_a
An Outline of International Price Theories
245
_c
Chi-Yuen Wu
260
_c
2010
650
_x
Economics
856
_u
http://down.ebook777.com/064/9780415607438.pdf
999
_c
348093
_d
348093